| 000 | 00432nam a2200169Ia 4500 | ||
|---|---|---|---|
| 008 | 230524s9999 xx 000 0 und d | ||
| 020 | _a8174090436 | ||
| 082 |
_a612.3812 _bRAO |
||
| 100 |
_aS.Rao _96200 |
||
| 245 | 0 | _a"EHV-AC, HVDC Transmission and Distribution Engineering" | |
| 250 | _a3RD | ||
| 260 |
_aNEW DELHI _bKhanna _c2004 |
||
| 300 | _aXXIV;1421 | ||
| 500 | _aQuantity Number: 1 | ||
| 650 | _aElectrical | ||
| 942 | _cBK | ||
| 999 |
_c8714 _d8714 |
||